| 000 | 00512nam a2200193Ia 4500 | ||
|---|---|---|---|
| 005 | 20250508160116.0 | ||
| 008 | 008 250505s9999 xx 000 0 hin d | ||
| 037 | _aTextual | ||
| 040 |
_aFEDL _beng _cFEDL |
||
| 041 |
_ahin _2eng |
||
| 084 |
_a954.01, NCE _qFEDL |
||
| 100 | _aThapar Romila | ||
| 245 | 0 | _aPrachin bharat | |
| 245 | 0 | _cNational Council of Educational Research and Training | |
| 260 | _c1969 | ||
| 300 | _a132p. | ||
| 942 |
_cTEXL _h954.01, NCE |
||
| 999 |
_c1361792 _d1361792 |
||